000 00916nam a2200217Ia 4500
999 _c32184
_d32184
003 OSt
005 20210520113933.0
008 160316s2005 xxu||||| |||| 00| 0 eng d
020 _a9780198268963
040 _cn
082 _a340.900000
_bTAK
100 _aTakahashi Kohi
245 _aClaims for contribution and reimbursement in an international context : Conflict-of-dimensions of third party procedures
260 _aOxford
_bOxford University Press
_c2005
300 _a305p
_cxlv
365 _b Rs. 9,460
505 _aTable of contents PART I - INTRODUCTION ; PART II - GENERAL CONFLICT-OF-LAWS ISSUES PERTAINING TO CLAIMS FOR CONTRIBUTION ; PART III - OBSTACLES TO RECOVERY ON A CONTRIBUTION CLAIM ; PART IV - OBSTACLES TO BACK-TO-BACK REIMBURSEMENT IN A CHAIN TRANSACTION ; PART V - CONCLUSION
650 _a1. Conflict Of Laws - Third Parties - U K
700 _a
_a
942 _2ddc
_cBK